Landen met namen die meerdere woorden hebben - Statistieken

Algemene statistieken
  • Deze quiz is 75 keer genomen
  • De gemiddelde score is 29 van 34
Antwoordstatistieken
Antwoord % Correct
Papoea-Nieuw-Guinea
97%
Noord-Macedonie
94%
Nieuw-Zeeland
91%
Noord-Korea
91%
Saint Kitts en Nevis
91%
Saint Lucia
91%
Saint Vincent en de Grenadines
91%
Verenigde Arabische Emiraten
91%
Verenigde Staten
91%
Verenigd Koninkrijk
91%
Zuid-Afrika
91%
Zuid-Korea
91%
Zuid-Soedan
91%
Centraal-Afrikaanse Republiek
88%
Congo-Brazzavillle
88%
Congo-Kinshasa
88%
San Marino
88%
Trinidad en Tobago
88%
Marshall eilanden
85%
Oost-Timor
85%
Salomons eilanden
85%
Sao Tomé en Principe
85%
Antigua en Barbuda
82%
Dominicaanse Republiek
82%
Costa Rica
79%
El Salvador
79%
Equatoriaal-Guinea
79%
Saoedi-Arabië
79%
Sierra Leone
79%
Bosnië en Herzegovina
73%
Burkina Faso
73%
Wit-Rusland
73%
Sri Lanka
70%
Guinee-Bissau
64%
Geen overeenkomende quizzen gevonden
Scoreverdeling
Procent van Mensen met Elke Score
Percentiel versus Aantal Correcte Antwoorden
Uw Scoregeschiedenis
U heeft deze quiz nog niet genomen